LIBRARY & INFORMATION CENTRE, KCAET, TAVANUR

ONLINE PUBLIC ACCESS CATALOGUE (OPAC)

BIS hand book- 1990 (Record no. 5410)

MARC details
000 -LEADER
fixed length control field 00389cam a2200157ua 4500
041 ## - LANGUAGE CODE
Language code of text/sound track or separate title eng
082 ## - DEWEY DECIMAL CLASSIFICATION NUMBER
Classification number 028.710218
Item number BUR/BI
100 ## - MAIN ENTRY--AUTHOR NAME
Personal name Buroau of Indian standards, BIS .
245 00 - TITLE STATEMENT
Title BIS hand book- 1990
260 ## - PUBLICATION, DISTRIBUTION, ETC. (IMPRINT)
Place of publication :
Name of publisher Bureau of Indian standards ,
Year of publication 1990.
300 ## - PHYSICAL DESCRIPTION
Number of Pages 556 ; .
500 ## - GENERAL NOTE
General note **Reference
942 ## - ADDED ENTRY ELEMENTS (KOHA)
Koha item type Books
Holdings
Withdrawn status Lost status Damaged status Home library Current library Date acquired Full call number Accession Number Koha item type
      KAUAET KAUAET 07/04/2012 028.710218 17602 Reference
free website counter